00606cam a22002291a 4500001001300000003000400013005001700017008004100034010001700075035002000092040002500112042001200137050002500149082001000174100002600184245004800210260005300258300002000311500001700331500001100348999001700359ca 34001517 DLC20260227111134.0860129s1933 ohu 000 0 eng  aca 34001517  a(OCoLC)13079690 aDLCcOCoOdOCoOdDLC apremarc00aPS3503.R636bW5 1933 a811.51 aBrockie, John Meikle.10aWhat's it all about /cJohn Meikle Brockie. aMt. Sterling, Ohio :bThe Tribune Press,cc1933. a30 p. ;c21 cm. aCover title. aPoems. c17545d17545